<The> worldly philosophers <the> lives, times and ideas of the great economic thinkers

Enregistré dans:
Détails bibliographiques
Auteur principal: Heilbroner, Robert L.
Format: Livre
Langue:anglais
Publié: New York <A> Touchstone Book 1999
Édition:7th revised ed.
Sujets:
Tags: Ajouter un tag
Pas de tags, Soyez le premier à ajouter un tag!

MARC

LEADER 00000nam a2200000 4500
001 0141954
005 20221129101325.6
020 |a 0-684-86214-X 
020 |a 978-0-684-86214-9 
041 0 |a eng 
044 |a US 
245 1 0 |a <The> worldly philosophers  |b <the> lives, times and ideas of the great economic thinkers  |c Robert L. Heilbroner 
250 |a 7th revised ed. 
264 1 |a New York  |b <A> Touchstone Book  |c 1999 
300 |a 365 s. 
610 2 0 |a myslenie ekonomické 
610 2 0 |a teórie ekonomické 
610 2 0 |a dejiny myslenia ekonomického 
610 2 0 |a dejiny teórií ekonomických 
610 2 0 |a ekonómia 
610 2 0 |a veda ekonomická 
610 2 0 |a filozofia 
610 2 0 |a biografia 
100 1 |a Heilbroner, Robert L.